Tip menjadi individu menarik

Bibliographic Details
Main Author: Mohd. Fadzilah Haji Kamsah, Dato'
Corporate Author: Title
Format: Book
Published: Selangor : PTS Millenia , 2006
Series:Siri pembangunan diri
Subjects:

MARC

LEADER 00000cam a2200000 7i4500
001 0000012008
005 20150201.0
008 071123
020 |a 9833372147 
090 0 0 |a 158.1   |b MOH 
100 0 |a Mohd. Fadzilah Haji Kamsah, Dato' 
245 1 0 |a Tip menjadi individu menarik   |c Dato' Mohd. Fadzilah Haji Kamsah dan Ahmad Naim Jaafar 
260 |a Selangor :   |b PTS Millenia ,   |c 2006 
440 |a Siri pembangunan diri 
650 0 |a Personality development 
650 0 |a Self-confidence 
710 0 |a Title 
999 |a 0000940062   |b Book   |c Adult Collection   |e Cawangan Taman Sri Lambak 
999 |a 0001003931   |b Book   |c Adult Collection   |e Perbadanan Perpustakaan Awam Johor 
999 |a 0001003932   |b Book   |c Adult Collection   |e Perbadanan Perpustakaan Awam Johor 
999 |a 0001003934   |b Book   |c Adult Collection   |e Perbadanan Perpustakaan Awam Johor 
999 |a 0001003935   |b Book   |c Adult Collection   |e Perbadanan Perpustakaan Awam Johor 
999 |a 0001028354   |b Book   |c Adult Collection   |e Cawangan Tangkak 
999 |a 0001061229   |b Book   |c Children Collection   |e Cawangan Bandar Penawar 
999 |a 0001519817   |b Book   |c Adult Collection   |e Cawangan Bandar Tenggara